Music Quiz

Random Music or Song Quiz

Songs That Get Their Facts Wrong Quiz Stats

Quiz Updated Oct 28, 2014

Challenge
Share
Tweet
Embed
Score 0/20 Timer 05:00
1 Play Today
% Correct
The Lion Sleeps Tonight
91.9%
Don't Stop Believin'
88.5%
Black Hole Sun
86.9%
The Ballad of Billy the Kid
85.4%
Take Me Home, Country Roads
81.9%
Do They Know It's Christmas
79.7%
The Wreck of the Edmund Fitzgerald
72%
Sunset Boulevard
65.3%
Dreams
63.2%
Smooth Operator
57.6%
% Correct
Pride (In the Name of Love)
55.6%
They All Laughed
54.4%
Ohio
50.7%
Save the Best for Last
44.3%
Black Skinhead
40.5%
King of Rock
32.9%
I Know You Want Me
29.4%
Plastic Jesus
24.3%
It's Hot
17.1%
Star
9.3%

You're not logged in!

Compare scores with friends on all Sporcle quizzes.
Sign Up with Email
OR
Log In

You Might Also Like...

Show Comments

Extras

Top Quizzes Today


Score Distribution

Your Account Isn't Verified!

In order to create a playlist on Sporcle, you need to verify the email address you used during registration. Go to your Sporcle Settings to finish the process.